To Develop a Computer Code for Subsonic floe over the wings by using Singularity Distribution method (Record no. 326403)

000 -LEADER
fixed length control field 00421 a2200133 4500
001 - CONTROL NUMBER
control field 91330
082 ## - DEWEY DECIMAL CLASSIFICATION NUMBER
Classification number PR 1226
090 ## - LOCALLY ASSIGNED LC-TYPE CALL NUMBER (OCLC); LOCAL CALL NUMBER (RLIN)
-- 43445
-- 43444
100 ## - MAIN ENTRY--PERSONAL NAME
Personal name Malik Imran-e-Adalat; Prof Ismail (Advisor)
245 ## - TITLE STATEMENT
Title To Develop a Computer Code for Subsonic floe over the wings by using Singularity Distribution method
Number of part/section of a work 45 "A" EC
260 ## - PUBLICATION, DISTRIBUTION, ETC.
Place of publication, distribution, etc. Karachi
Name of publisher, distributor, etc. NED University
Date of publication, distribution, etc. 1996
300 ## - PHYSICAL DESCRIPTION
Extent 60p
500 ## - GENERAL NOTE
General note BE Project Reports
942 ## - ADDED ENTRY ELEMENTS (KOHA)
Institution code [OBSOLETE] CAE NUST
Call number prefix PR 1226
Holdings
Withdrawn status Lost status Damaged status Not for loan Collection code Permanent Location Current Location Date acquired Total Checkouts Full call number Barcode Date last seen Price effective from Koha item type
          College of Aeronautical Engineering (CAE) College of Aeronautical Engineering (CAE) 04/03/2017   PR 1226 CAEPR-1226 04/05/2017 04/05/2017 Book
© 2023 Central Library, National University of Sciences and Technology. All Rights Reserved.